[Event "Relampago R-026 corr"]
[Site "CXV corr"]
[Date "2001.02.13"]
[Round "?"]
[White "Prado, Mauricio"]
[Black "Hosni, Yasser"]
[Result "1-0"]
[WhiteElo "1908"]
[BlackElo "2192"]
[PlyCount "57"]
[EventDate "2001.??.??"]
[EventType "tourn (corr)"]
[EventRounds "4"]
[EventCountry "BRA"]
[SourceTitle "Corr 2004"]
[Source "ChessBase"]
[SourceDate "2003.04.28"]
[SourceVersion "3"]
[SourceVersionDate "2003.04.28"]
[SourceQuality "1"]

1. e4 c5 2. Nf3 d6 3. d4 cxd4 4. Nxd4 Nf6 5. Nc3 e6 6. g4 h6 7. h4 Nc6 8. Rg1 h5 9. gxh5 Nxh5 10. Bg5 Nf6 11. Be2 a6 12. Qd2 Qb6 13. Nb3 Qc7 14. 0-0-0 Bd7 15. h5 Nxh5 16. Rh1 g6 17. Kb1 b5 18. a3 Rc8 19. f4 Be7 20. f5 Bxg5 21. Qxg5 Ne5 22. fxg6 fxg6 23. Rxh5 Rxh5 24. Bxh5 gxh5 25. Nd4 Qc4 26. Qg8+ Ke7 27. Nf5+ exf5 28. Nd5+ Qxd5 29. Qg5+ 1-0